Land surveyors information package 13 (Record no. 90075)
[ view plain ]
| 000 -LEADER | |
|---|---|
| fixed length control field | 01492cam a2200373 4500 |
| 001 - CONTROL NUMBER | |
| control field | ##B365 |
| 008 - FIXED-LENGTH DATA ELEMENTS--GENERAL INFORMATION | |
| fixed length control field | 090401t1986 xxu||||| |||| 00| 0 eng d |
| 035 ## - SYSTEM CONTROL NUMBER | |
| System control number | (Sirsi) u35250 |
| 041 0# - LANGUAGE CODE | |
| Language code of text/sound track or separate title | eng |
| 050 04 - LIBRARY OF CONGRESS CALL NUMBER | |
| Classification number | 624.19 $2 18 |
| 110 2# - MAIN ENTRY--CORPORATE NAME | |
| Corporate name or jurisdiction name as entry element | Royal Institution of Chartered Surveyors |
| 9 (RLIN) | 4900 |
| 245 00 - TITLE STATEMENT | |
| Title | Land surveyors information package 13 |
| Remainder of title | surveying underground services |
| 260 ## - PUBLICATION, DISTRIBUTION, ETC. | |
| Place of publication, distribution, etc. | London |
| Name of publisher, distributor, etc. | RICS |
| Date of publication, distribution, etc. | 1986 |
| 300 ## - PHYSICAL DESCRIPTION | |
| Extent | 10 |
| Type of unit | items |
| Dimensions | 30cm. |
| 350 ## - PRICE (NR) (BK AM CF MU VM SE) [OBSOLETE] | |
| Price | 0 |
| 490 ## - SERIES STATEMENT | |
| Series statement | RICS Land Surveyors Information Package |
| 505 0# - FORMATTED CONTENTS NOTE | |
| Formatted contents note | Underground services: the location and mapping -- Sewer and water mains records -- Location sewer survey -- Technical aspects of sewer survey in the metropolian area -- Finding those pipes -- Recent advances in the technology of locating buried pipes -- R D 600 locater user handbook -- The principles of locating conductors with radiodetection equipment -- Digital records trial NJUG Dudley -- Digitising Dudley -- Digital mapping on Segas |
| 690 ## - LOCAL SUBJECT ADDED ENTRY--TOPICAL TERM (OCLC, RLIN) | |
| Topical term or geographic name as entry element | PROPERTY-INFRASTRUCTURE |
| 700 1# - ADDED ENTRY--PERSONAL NAME | |
| Personal name | Crouchman, F. |
| 700 1# - ADDED ENTRY--PERSONAL NAME | |
| Personal name | Jones, D. E. B. |
| 700 1# - ADDED ENTRY--PERSONAL NAME | |
| Personal name | Fry, R. K. |
| 700 1# - ADDED ENTRY--PERSONAL NAME | |
| Personal name | Evans, M. T. B. |
| 700 1# - ADDED ENTRY--PERSONAL NAME | |
| Personal name | Garnett, A. F |
| 700 1# - ADDED ENTRY--PERSONAL NAME | |
| Personal name | Yarrow, G. J. |
| 700 1# - ADDED ENTRY--PERSONAL NAME | |
| Personal name | Freeman, L. |
| 700 1# - ADDED ENTRY--PERSONAL NAME | |
| Personal name | Cross, D. A. |
| 700 1# - ADDED ENTRY--PERSONAL NAME | |
| Personal name | Branch, C. N. |
| 710 2# - ADDED ENTRY--CORPORATE NAME | |
| Corporate name or jurisdiction name as entry element | National Water Authority |
| 9 (RLIN) | 4903 |
| 710 2# - ADDED ENTRY--CORPORATE NAME | |
| Corporate name or jurisdiction name as entry element | Anglian Water Authority |
| 9 (RLIN) | 4904 |
| 710 2# - ADDED ENTRY--CORPORATE NAME | |
| Corporate name or jurisdiction name as entry element | Electrolocation |
| 9 (RLIN) | 4905 |
| 710 2# - ADDED ENTRY--CORPORATE NAME | |
| Corporate name or jurisdiction name as entry element | National Joint Utilities Group |
| 9 (RLIN) | 1797 |
| 942 ## - ADDED ENTRY ELEMENTS (KOHA) | |
| Suppress in OPAC | 0 |
| 948 ## - LOCAL PROCESSING INFORMATION (OCLC); SERIES PART DESIGNATOR (RLIN) | |
| c (OCLC) | 04/03/1997 |
| Withdrawn status | Lost status | Source of classification or shelving scheme | Damaged status | Not for loan | Home library | Current library | Shelving location | Date acquired | Total Checkouts | Full call number | Barcode | Date last seen | Date last checked out | Copy number | Price effective from | Koha item type |
|---|---|---|---|---|---|---|---|---|---|---|---|---|---|---|---|---|
| Dewey Decimal Classification | Historic collection | Historic collection | RICS Boxes | 14/09/1999 | 6 | RICS 1986/83 | 30077262 | 06/08/2019 | 11/01/2006 | 1 | 06/08/2019 | Archive | ||||
| Dewey Decimal Classification | London | London | RICS Boxes | 04/12/2012 | RICS 1986/83 | 30077258 | 06/08/2019 | 1 | 06/08/2019 | Book |